00876nam a2200205Ia 4500008004100000020001800041040001800059041000800077100002000085245007700105260007700182300003900259490004700298504005300345650005400398650006300452650004600515651005400561651005500615130821s2008 xxuab gr eng  a9780822343271 aCo-BoUCMbspa00aeng1 aEscobar, Arturo10aTerritories of Difference place, movements, life, redescArturo Escobar aDurham (Carolina del Norte, Estados Unidos)bDuke University Pressc2008 axvi, 435 páginasbmapas, cuadros 0aNew ecologies for the twenty first century aIncluye referencias bibliográficas e índice.04aMovimientos socialeszCosta Pacífica (Colombia)04aNegrosxPolítica y gobiernozCosta Pacífica (Colombia)04aRegionalismozCosta Pacífica (Colombia) 4aCosta Pacífica (Colombia)xCondiciones sociales 4aCosta Pacífica (Colombia)xPolítica y gobierno